| 000 | 03237cam a22004218i 4500 | ||
|---|---|---|---|
| 001 | 22122650 | ||
| 003 | OSt | ||
| 005 | 20231006111154.0 | ||
| 008 | 210709s2021 nyu b 000 1 eng | ||
| 010 | _a 2021033640 | ||
| 020 | _a9781784703301 | ||
| 020 |
_a9780399563423 _q(hardcover) |
||
| 020 |
_a9780399563447 _q(paperback) |
||
| 020 |
_a9780593300602 _q(international edition) |
||
| 020 |
_z9780399563430 _q(ebook) |
||
| 040 |
_aDLC _beng _erda _cDLC _dDLC |
||
| 041 | 1 |
_aeng _hnor |
|
| 042 | _apcc | ||
| 050 | 0 | 0 |
_aPT8951.21.N38 _bM6713 2021 |
| 082 | 0 | 0 |
_a839.82374 _bKNA/M |
| 100 | 1 |
_aKnausgård, Karl Ove, _d1968- _eauthor. _99679 |
|
| 240 | 1 | 0 |
_aMorgenstjernen. _lEnglish |
| 245 | 1 | 4 |
_aThe morning star / _cKarl Ove Knausgaard ; translated from the Norwegian by Martin Aitken. |
| 264 | 1 |
_aNew York : _bPenguin Press, _c2021. |
|
| 300 |
_a666 pages ; _c25 cm |
||
| 336 |
_atext _btxt _2rdacontent |
||
| 337 |
_aunmediated _bn _2rdamedia |
||
| 338 |
_avolume _bnc _2rdacarrier |
||
| 500 | _a"Originally published in Norwegian under the title Morgenstjernen by Forlaget Oktober, Oslo" | ||
| 504 | _aIncludes bibliographical references. | ||
| 520 |
_a"A major new work from the author of the renowned My Struggle series, MORNING STAR is an astonishing, ambitious, and rich novel about what we don't understand, and our attempts to make sense of our world nonetheless Last night a new star appeared in the sky. The Morning Star. I know what it means. It means that it has begun. One long night in August, Arne and Tove are staying with their children in their summer house in southern Norway. Their friend Egil has his own place nearby. Kathrine, a priest, is flying home from a Bible seminar, questioning her marriage. Journalist Jostein is out drinking for the night, while his wife, Turid, a nurse at a psychiatric care unit, is on a nightshift when one of her patients escapes. Above them all, a huge star suddenly appears blazing in the sky. It brings with it a mysterious sense of foreboding. Strange things start to happen as nine lives come together under the star. Hundreds of crabs amass on the road as Arne drives at night; Jostein receives a call about a death metal band found brutally murdered in a Satanic ritual; Kathrine conducts a funeral service for a man she met at the airport - but is he actually dead? The Morning Star is about life in all its mundanity and drama, the strangeness that permeates our world, and the darkness in us all. Karl Ove Knausgaard's astonishing new novel, his first after the My Struggle cycle, goes to the utmost limits of freedom and chaos, to what happens when forces beyond our comprehension are unleashed, and the realms of the living and the dead collide"-- _cProvided by publisher. |
||
| 655 | 7 |
_aNovels. _2lcgft |
|
| 700 | 1 |
_aAitken, Martin, _etranslator. |
|
| 776 | 0 | 8 |
_iOnline version: _aKnausgård, Karl Ove, 1968- _tMorning star _dNew York : Penguin Press, 2021 _z9780399563430 _w(DLC) 2021033641 |
| 906 |
_a7 _bcbc _corignew _d1 _eecip _f20 _gy-gencatlg |
||
| 942 |
_2ddc _cBK _h839.82374 _iKNA/M _k839.82374 _mKNA/M |
||
| 999 |
_c42547 _d42547 |
||